Biological oxidation and vitamins Harvey Lecture, May 18, 1939 /

Elmentve itt :
Bibliográfiai részletek
Szerző: Szent-Györgyi Albert
Dokumentumtípus: Cikk
Megjelent: 1939-07
Sorozat:Bulletin of the New York Academy of Medicine 15 No. 7
Kulcsszavak:Sejtlégzés - biológiai oxidáció, Vitamin
Online Access:http://misc.bibl.u-szeged.hu/73788
LEADER 00723nab a2200181 i 4500
001 misc73788
005 20241018104220.0
008 240207s1939 hu o 000 eng d
040 |a SZTE Miscellanea Repozitórium  |b hun 
041 |a eng 
100 2 |a Szent-Györgyi Albert 
245 1 0 |a Biological oxidation and vitamins   |h [elektronikus dokumentum] :  |b Harvey Lecture, May 18, 1939 /  |c  Szent-Györgyi Albert 
260 |c 1939-07 
300 |a 456-468 
490 0 |a Bulletin of the New York Academy of Medicine  |v 15 No. 7 
561 |a Szent-Györgyi Albert tudományos és egyéb írásai 
695 |a Sejtlégzés - biológiai oxidáció, Vitamin 
856 4 0 |u http://misc.bibl.u-szeged.hu/73788/1/szgya_magyar_143.pdf  |z Dokumentum-elérés